| 000 | 00360 a2200145 4500 | ||
|---|---|---|---|
| 001 | 90294 | ||
| 082 | _a616.46206 EZR | ||
| 090 |
_c42614 _d42614 |
||
| 100 | _aEzrin Calvin | ||
| 245 |
_aThe type 2 diabetes diet book _cCalvin Ezrin _hEnglish |
||
| 250 | _a4th ED | ||
| 260 |
_aNew York _bMc Graw Hill _c2006 |
||
| 300 | _a247p. | ||
| 500 | _aGeneral Book | ||
| 942 |
_aCAE NUST _k616.46206 EZR |
||
| 999 |
_c325367 _d325367 |
||